00245nam a2200073Ia 4500082001600000245009000016100002400106008004100130 a746.664BRUN 0aEietydse kleurkuns : meer as 5 knoopkleurprojekte vir serpe, rokke, t-hemde en dekor  a Brummer, Melanie 210825s9999 xx 000 0 und d